888 keajaiban dunia

Bibliographic Details
Main Author: Nasron Sira Rahim (Author)
Format: Book
Published: Selangor : Grup Buku Krangkraf Sdn. Bhd. 2022
Subjects:

MARC

LEADER 00000cam a2200000 7i4500
001 0000091038
005 20230322105230.0
008 230201 may
020 |a 9789678609623 
040 |e rda 
041 |a Malay 
090 0 0 |a 039.9923   |b NAS 
100 0 |a Nasron Sira Rahim ,   |e (author) 
245 0 0 |a 888 keajaiban dunia   |c Nasron Sira Rahim 
246 0 |a Lapan lapan lapan keajaiban dunia 
264 1 |a Selangor :   |b Grup Buku Krangkraf Sdn. Bhd.   |c 2022 
300 |a 162 pages :   |b color illustrations ;   |c 21 cm. 
336 |a text  |2 rdacontent 
337 |a unmediated  |2 rdamedia 
338 |a volume  |2 rdacarrier 
541 |a Purchased on 2022   |f 1213 BBD   |h RM18.00 
650 0 |a Curiosities and wonders 
650 0 |a General knowledge 
730 0 |a Title 
999 |a 0001711542   |b Book   |c Adult Collection   |e Perbadanan Perpustakaan Awam Johor 
999 |a 0001713059   |b Book   |c Adult Collection   |e Perbadanan Perpustakaan Awam Johor 
999 |a 0001713060   |b Book   |c Adult Collection   |e Cawangan AEON Kulaijaya 
999 |a 0001713061   |b Book   |c Adult Collection   |e Cawangan Urban Transformation Centre 
999 |a 0001713062   |b Book   |c Adult Collection   |e Cawangan Pontian 
999 |a 0001713063   |b Book   |c Adult Collection   |e Cawangan Sri Merlong 
999 |a 0001713064   |b Book   |c Adult Collection   |e Cawangan Batu Pahat 
999 |a 0001713065   |b Book   |c Adult Collection   |e Cawangan Tangkak 
999 |a 0001713066   |b Book   |c Adult Collection   |e Cawangan Mersing 
999 |a 0001713067   |b Book   |c Adult Collection   |e Cawangan Bukit Gambir 
999 |a 0001713068   |b Book   |c Adult Collection   |e Cawangan Taman Sri Lambak 
999 |a 0001713069   |b Book   |c Adult Collection   |e Cawangan Muar 
999 |a 0001713070   |b Book   |c Adult Collection   |e Cawangan Bandar Penawar 
999 |a 0001713071   |b Book   |c Adult Collection   |e Cawangan Segamat 
999 |a 0001713072   |b Book   |c Adult Collection   |e Cawangan Kota Tinggi 
999 |a 0001713073   |b Book   |c Adult Collection   |e Cawangan Tmn. Ungku Tun Aminah 
999 |a 0001713074   |b Book   |c Adult Collection   |e Cawangan Bandar Tenggara 
999 |a 0001715404   |b Book   |c Adult Collection   |e Desa - PPAJ 
999 |a 0001715405   |b Book   |c Adult Collection   |e Desa - PPAJ 
999 |a 0001715406   |b Book   |c Adult Collection   |e Desa - PPAJ 
999 |a 0001715407   |b Book   |c Adult Collection   |e Desa - PPAJ 
999 |a 0001715408   |b Book   |c Adult Collection   |e Desa - PPAJ 
999 |a 0001715409   |b Book   |c Adult Collection   |e Desa - PPAJ 
999 |a 0001715410   |b Book   |c Adult Collection   |e Desa - PPAJ 
999 |a 0001715411   |b Book   |c Adult Collection   |e Desa - PPAJ 
999 |a 0001715412   |b Book   |c Adult Collection   |e Desa - PPAJ 
999 |a 0001715413   |b Book   |c Adult Collection   |e Desa - PPAJ 
999 |a 0001715414   |b Book   |c Adult Collection   |e Desa - PPAJ 
999 |a 0001715415   |b Book   |c Adult Collection   |e Desa - PPAJ 
999 |a 0001715416   |b Book   |c Adult Collection   |e Desa - PPAJ 
999 |a 0001715417   |b Book   |c Adult Collection   |e Desa - PPAJ 
999 |a 0001715418   |b Book   |c Adult Collection   |e Desa - PPAJ 
999 |a 0001715419   |b Book   |c Adult Collection   |e Desa - PPAJ 
999 |a 0001715420   |b Book   |c Adult Collection   |e Desa - PPAJ 
999 |a 0001715421   |b Book   |c Adult Collection   |e Desa - PPAJ 
999 |a 0001715422   |b Book   |c Adult Collection   |e Desa - PPAJ 
999 |a 0001715423   |b Book   |c Adult Collection   |e Desa - PPAJ 
999 |a 0001715424   |b Book   |c Adult Collection   |e Desa - PPAJ 
999 |a 0001715425   |b Book   |c Adult Collection   |e Desa - PPAJ 
999 |a 0001715426   |b Book   |c Adult Collection   |e Desa - PPAJ 
999 |a 0001715427   |b Book   |c Adult Collection   |e Desa - PPAJ 
999 |a 0001715428   |b Book   |c Adult Collection   |e Desa - PPAJ 
999 |a 0001715429   |b Book   |c Adult Collection   |e Desa - PPAJ 
999 |a 0001715430   |b Book   |c Adult Collection   |e Desa - PPAJ 
999 |a 0001715431   |b Book   |c Adult Collection   |e Desa - PPAJ 
999 |a 0001715432   |b Book   |c Adult Collection   |e Desa - PPAJ 
999 |a 0001715433   |b Book   |c Adult Collection   |e Desa - PPAJ 
999 |a 0001715434   |b Book   |c Adult Collection   |e Desa - PPAJ 
999 |a 0001715435   |b Book   |c Adult Collection   |e Desa - PPAJ 
999 |a 0001715436   |b Book   |c Adult Collection   |e Desa - PPAJ 
999 |a 0001715437   |b Book   |c Adult Collection   |e Desa - PPAJ 
999 |a 0001715438   |b Book   |c Adult Collection   |e Desa - PPAJ 
999 |a 0001715439   |b Book   |c Adult Collection   |e Desa - PPAJ 
999 |a 0001715440   |b Book   |c Adult Collection   |e Desa - PPAJ 
999 |a 0001715441   |b Book   |c Adult Collection   |e Desa - PPAJ 
999 |a 0001715442   |b Book   |c Adult Collection   |e Desa - PPAJ 
999 |a 0001715443   |b Book   |c Adult Collection   |e Desa - PPAJ 
999 |a 0001715444   |b Book   |c Adult Collection   |e Desa - PPAJ